Clearer, smoother, faster (Record no. 74405)
[ view plain ]
| 000 -LEADER | |
|---|---|
| fixed length control field | 01832cab a2200277 4500 |
| 001 - CONTROL NUMBER | |
| control field | ABS67840 |
| 008 - FIXED-LENGTH DATA ELEMENTS--GENERAL INFORMATION | |
| fixed length control field | 040524n2004 000 0 eng u |
| 035 ## - SYSTEM CONTROL NUMBER | |
| System control number | (Sirsi) u126260 |
| 100 ## - MAIN ENTRY--PERSONAL NAME | |
| Personal name | Smulian, M. |
| 245 ## - TITLE STATEMENT | |
| Title | Clearer, smoother, faster |
| 260 ## - PUBLICATION, DISTRIBUTION, ETC. | |
| Date of publication, distribution, etc. | 2004 |
| 490 ## - SERIES STATEMENT | |
| Series statement | House Builder |
| Volume/sequential designation | 63(4) May 2004, 32-34(3) |
| 520 ## - SUMMARY, ETC. | |
| Summary, etc. | Discusses the recent Joseph Rowntree Foundation report "Mixed tenure agreements: a review of partnership models" (ISBN 1859351735) that argues that true partnerships could make section 106 agreements work better for builders, housing associations and planners. The report argues that brownfield land is the obvious source of sites for almost all affordable housing. Public bodies with large landholdings should normally require bids for their brownfield land to be from partnerships of builders and housing associations with built-in arrangements to resolve tenure mix, design, costs and programming issues at an early stage.The s106 system is currently not being just used to ensure a supply of affordable housing but as a way of getting round capital controls imposed on local authorities by government. The report suggests that partnerships might last five to seven years and includes a sample protocol reached between builders and housing associations. The report is available at www.jrf.org.uk. |
| 590 ## - LOCAL NOTE (RLIN) | |
| Local note | ABS |
| 650 ## - SUBJECT ADDED ENTRY--TOPICAL TERM | |
| Topical term or geographic name entry element | TOWN AND COUNTRY PLANNING ACT 1990 S106 |
| 650 ## - SUBJECT ADDED ENTRY--TOPICAL TERM | |
| Topical term or geographic name entry element | BROWNFIELD LAND |
| 650 ## - SUBJECT ADDED ENTRY--TOPICAL TERM | |
| Topical term or geographic name entry element | Affordable housing |
| 9 (RLIN) | 6215 |
| 650 ## - SUBJECT ADDED ENTRY--TOPICAL TERM | |
| Topical term or geographic name entry element | STRATEGIC PARTNERING |
| 650 ## - SUBJECT ADDED ENTRY--TOPICAL TERM | |
| Topical term or geographic name entry element | PARTNERSHIP SCHEMES |
| 650 ## - SUBJECT ADDED ENTRY--TOPICAL TERM | |
| Topical term or geographic name entry element | PLANNING AGREEMENTS |
| 650 ## - SUBJECT ADDED ENTRY--TOPICAL TERM | |
| Topical term or geographic name entry element | HOUSING ASSOCIATIONS |
| 650 ## - SUBJECT ADDED ENTRY--TOPICAL TERM | |
| Topical term or geographic name entry element | HOUSE BUILDERS |
| 690 ## - LOCAL SUBJECT ADDED ENTRY--TOPICAL TERM (OCLC, RLIN) | |
| Topical term or geographic name as entry element | HOUSING-DEVELOPMENT |
| 856 ## - ELECTRONIC LOCATION AND ACCESS | |
| Uniform Resource Identifier | <a href="https://www.jrf.org.uk/sites/files/jrf/1859351743.pdf">https://www.jrf.org.uk/sites/files/jrf/1859351743.pdf</a> |
| Public note | View report on the Joseph Rowntree Foundation website... |
| 942 ## - ADDED ENTRY ELEMENTS (KOHA) | |
| Suppress in OPAC | 0 |
| Withdrawn status | Lost status | Source of classification or shelving scheme | Damaged status | Not for loan | Home library | Current library | Shelving location | Date acquired | Total Checkouts | Full call number | Barcode | Date last seen | Copy number | Price effective from | Koha item type |
|---|---|---|---|---|---|---|---|---|---|---|---|---|---|---|---|
| Dewey Decimal Classification | London | London | Journal article | 24/05/2004 | ABS67840 | 126260-1001 | 06/08/2019 | 1 | 06/08/2019 | Journal article |